000
00278nam a2200097Ia 4500
001
1211592
005
20250827024439.0
008
250824s9999 xx 000 0 und d
245
0
_a
KUYRUKLUYILDIZ ALTINDA BİR İZDİVAÇ
_c
HÜSEYİN RAHMİ GÜRPINAR
260
_b
EVEREST YAYINLARI
999
_c
1211592
_d
1211592